000 00684nam a2200193Ii 4500
003 JO-AjNU
008 230605s9999||||xx |||||||||||||| ||und||
040 _aJO-AjNU
_bara
_erda
_cJO-AjNU
041 _aara
050 1 4 _aBP130.4.T2
100 3 _aبقلم طباره، عفيف عبد الفتاح,
_eauthor
_939114
245 0 0 _aروح القرأن الكريم : تفسير جزء قد سمع
264 3 1 _aبيروت: دار العلم للملايين، د.ت
300 _a151ص
336 _atext
_btxt
_2rdacontent
337 _aunmediated
_bn
_2rdamedia
338 _avolume
_bnc
_2rdacarrier
650 4 _aجزء قد سمع - تفسير - القران الكريم
_939115
999 _aA16492
_c20060
_d20060